[Event "Girls U14 Polish Youth Championship"]
[Site "chess24.com"]
[Date "2018.04.29"]
[Round "1"]
[White "Anyz, Monika"]
[Black "Trzaskowska, Hanna"]
[Result "0-1"]
[Board "9"]
[WhiteElo "1349"]
[WhiteCountry "POL"]
[WhiteFideId "21816530"]
[WhiteEloChange "-4"]
[BlackElo "1589"]
[BlackCountry "POL"]
[BlackFideId "21820716"]
[BlackEloChange "4"]

1. e4 {[%clk 1:30:57]} e5 {[%clk 1:30:45]} 2. Nf3 {[%clk 1:31:20]} Nc6 {[%clk
1:31:07]} 3. d4 {[%clk 1:31:40]} exd4 {[%clk 1:31:28]} 4. Nxd4 {[%clk 1:32:01]}
Nf6 {[%clk 1:31:49]} 5. Nxc6 {[%clk 1:32:17]} bxc6 {[%clk 1:32:12]} 6. e5 {[%clk
1:32:34]} Qe7 {[%clk 1:32:35]} 7. Qe2 {[%clk 1:32:53]} Nd5 {[%clk 1:32:53]} 8. c4
{[%clk 1:33:05]} Ba6 {[%clk 1:32:53]} 9. b3 {[%clk 1:33:19]} g6 {[%clk 1:32:26]}
10. Bb2 {[%clk 1:32:39]} Bg7 {[%clk 1:32:15]} 11. Nd2 {[%clk 1:28:31]} O-O {[%clk
1:21:38]} 12. Nf3 {[%clk 1:25:09]} c5 {[%clk 1:03:01]} 13. a3 {[%clk 1:16:09]}
Rab8 {[%clk 0:50:41]} 14. Qd2 {[%clk 1:15:05]} Nb6 {[%clk 0:47:49]} 15. Be2
{[%clk 1:13:20]} Rfe8 {[%clk 0:39:09]} 16. Rb1 {[%clk 1:05:42]} d6 {[%clk
0:32:04]} 17. exd6 {[%clk 1:05:05]} cxd6 {[%clk 0:26:20]} 18. Bxg7 {[%clk
1:01:45]} Nxc4 {[%clk 0:10:03]} 19. Qa2 {[%clk 0:59:40]} Kxg7 {[%clk 0:06:12]}
20. Kd1 {[%clk 0:39:03]} Qxe2+ {[%clk 0:02:15]} 21. Qxe2 {[%clk 0:38:35]} Rxe2
{[%clk 0:02:25]} 22. Kxe2 {[%clk 0:38:38]} Nxa3+ {[%clk 0:02:42]} 23. Kd2 {[%clk
0:38:52]} Nxb1+ {[%clk 0:02:54]} 24. Rxb1 {[%clk 0:39:15]} Bc4 {[%clk 0:02:00]}
25. Kc3 {[%clk 0:37:56]} Bd5 {[%clk 0:01:59]} 26. Ne1 {[%clk 0:36:53]} Kf6 {[%clk
0:01:20]} 27. f3 {[%clk 0:36:55]} Re8 {[%clk 0:01:14]} 28. Rd1 {[%clk 0:36:43]}
Re3+ {[%clk 0:00:48]} 29. Nd3 {[%clk 0:36:12]} Re8 {[%clk 0:00:33]} 30. Nf4
{[%clk 0:34:12]} Be6 {[%clk 0:00:45]} 31. g3 {[%clk 0:31:40]} Rb8 {[%clk
0:00:45]} 32. Nd5+ {[%clk 0:31:35]} Bxd5 {[%clk 0:00:54]} 33. Rxd5 {[%clk
0:31:56]} Ke6 {[%clk 0:01:15]} 34. Kc4 {[%clk 0:32:04]} Rb4+ {[%clk 0:01:32]} 35.
Kc3 {[%clk 0:32:11]} Kxd5 {[%clk 0:01:54]} 36. f4 {[%clk 0:32:14]} Ke4 {[%clk
0:02:03]} 37. h3 {[%clk 0:32:25]} d5 {[%clk 0:02:28]} 38. g4 {[%clk 0:32:44]} d4+
{[%clk 0:02:48]} 39. Kc2 {[%clk 0:33:06]} Ke3 {[%clk 0:02:48]} 40. f5 {[%clk
0:33:23]} d3+ {[%clk 0:03:07]} 41. Kc1 {[%clk 0:33:46]} Rxb3 {[%clk 0:03:10]} 42.
fxg6 {[%clk 0:34:09]} fxg6 {[%clk 0:03:29]} 43. h4 {[%clk 0:34:52]} d2+ {[%clk
0:03:23]} 44. Kc2 {[%clk 0:34:52]} Rd3 {[%clk 0:03:23]} 45. h5 {[%clk 0:35:11]}
d1Q+ {[%clk 0:03:34]} 46. Kb2 {[%clk 0:35:35]} Qb3+ {[%clk 0:03:55]} 47. Kc1
{[%clk 0:35:56]} Rd1# {[%clk 0:04:17]} 0-1

[Event "Girls U14 Polish Youth Championship"]
[Site "chess24.com"]
[Date "2018.04.29"]
[Round "1"]
[White "Hertlein, Irena"]
[Black "Hals, Emilia"]
[Result "1-0"]
[Board "10"]
[WhiteElo "1582"]
[WhiteCountry "POL"]
[WhiteFideId "21817618"]
[WhiteEloChange "4"]
[BlackElo "1335"]
[BlackCountry "POL"]
[BlackFideId "21816603"]
[BlackEloChange "-4"]

1. c4 {[%clk 1:30:55]} e5 {[%clk 1:30:40]} 2. g3 {[%clk 1:31:10]} c6 {[%clk
1:29:32]} 3. d4 {[%clk 1:24:29]} exd4 {[%clk 1:21:28]} 4. Qxd4 {[%clk 1:24:28]}
Qf6 {[%clk 1:16:43]} 5. Nf3 {[%clk 1:18:46]} Bb4+ {[%clk 1:14:01]} 6. Bd2 {[%clk
1:17:32]} Bxd2+ {[%clk 1:09:05]} 7. Nbxd2 {[%clk 1:14:25]} Qxd4 {[%clk 1:00:58]}
8. Nxd4 {[%clk 1:14:31]} Ne7 {[%clk 0:58:06]} 9. Ne4 {[%clk 1:04:50]} O-O {[%clk
0:57:52]} 10. Nd6 {[%clk 1:02:51]} Na6 {[%clk 0:52:29]} 11. Bg2 {[%clk 0:57:47]}
Nc5 {[%clk 0:50:46]} 12. b4 {[%clk 0:48:25]} Ne6 {[%clk 0:50:32]} 13. Nb3 {[%clk
0:45:48]} Rb8 {[%clk 0:43:26]} 14. Rd1 {[%clk 0:36:25]} Nc7 {[%clk 0:42:27]} 15.
Nxc8 {[%clk 0:23:57]} Rfxc8 {[%clk 0:40:54]} 16. Rxd7 {[%clk 0:23:53]} Ng6 {[%clk
0:40:34]} 17. f4 {[%clk 0:13:42]} Ne8 {[%clk 0:34:09]} 18. O-O {[%clk 0:12:42]}
Nf6 {[%clk 0:34:05]} 19. Rd4 {[%clk 0:11:39]} Ng4 {[%clk 0:30:28]} 20. e4 {[%clk
0:08:03]} Ne3 {[%clk 0:29:48]} 21. Rf2 {[%clk 0:08:22]} Rd8 {[%clk 0:28:11]} 22.
Rxd8+ {[%clk 0:05:53]} Rxd8 {[%clk 0:28:34]} 23. Rd2 {[%clk 0:06:15]} Rxd2 {[%clk
0:27:13]} 24. Nxd2 {[%clk 0:06:41]} Nc2 {[%clk 0:27:34]} 25. b5 {[%clk 0:06:44]}
cxb5 {[%clk 0:27:43]} 26. cxb5 {[%clk 0:07:13]} f6 {[%clk 0:26:20]} 27. Nc4
{[%clk 0:06:10]} Ne7 {[%clk 0:26:02]} 28. Kf2 {[%clk 0:05:25]} Nd4 {[%clk
0:25:07]} 29. Nd6 {[%clk 0:05:38]} b6 {[%clk 0:25:28]} 30. Ke3 {[%clk 0:05:00]}
Ne6 {[%clk 0:23:56]} 31. Bf1 {[%clk 0:02:50]} Nc5 {[%clk 0:24:20]} 32. Kd4 {[%clk
0:02:28]} g6 {[%clk 0:23:15]} 33. e5 {[%clk 0:01:39]} Kg7 {[%clk 0:20:23]} 34.
Bc4 {[%clk 0:00:45]} f5 {[%clk 0:18:43]} 35. Ne8+ {[%clk 0:00:37]} Kf8 {[%clk
0:19:06]} 36. Nf6 {[%clk 0:01:03]} Kg7 {[%clk 0:19:07]} 37. Nd5 {[%clk 0:00:46]}
Nc8 {[%clk 0:18:47]} 38. Nb4 {[%clk 0:00:49]} Ne7 {[%clk 0:18:50]} 39. Nc6 {[%clk
0:00:55]} Nc8 {[%clk 0:18:36]} 40. a3 {[%clk 0:00:42]} h6 {[%clk 0:19:00]} 41.
Ba2 {[%clk 0:00:31]} Ne4 {[%clk 0:12:42]} 42. Be6 {[%clk 0:00:36]} Ncd6 {[%clk
0:11:22]} 43. exd6 {[%clk 0:01:03]} Nxd6 {[%clk 0:11:43]} 44. Nxa7 {[%clk
0:01:02]} Kf6 {[%clk 0:10:46]} 45. Bc4 {[%clk 0:01:05]} Ke7 {[%clk 0:09:58]} 46.
Nc6+ {[%clk 0:01:15]} Kf6 {[%clk 0:10:17]} 47. Nb4 {[%clk 0:00:57]} 1-0

[Event "Girls U14 Polish Youth Championship"]
[Site "chess24.com"]
[Date "2018.04.29"]
[Round "1"]
[White "Mytnik, Kinga"]
[Black "Lukasik, Zuzanna"]
[Result "1-0"]
[Board "11"]
[WhiteElo "1334"]
[WhiteCountry "POL"]
[WhiteFideId "21819572"]
[WhiteEloChange "16"]
[BlackElo "1568"]
[BlackCountry "POL"]
[BlackFideId "21813906"]
[BlackEloChange "-16"]

1. e4 {[%clk 1:30:57]} c5 {[%clk 1:30:51]} 2. Nc3 {[%clk 1:31:17]} e6 {[%clk
1:31:04]} 3. f4 {[%clk 1:31:18]} d5 {[%clk 1:30:44]} 4. d3 {[%clk 1:30:17]} Nf6
{[%clk 1:30:34]} 5. Bd2 {[%clk 1:28:21]} b6 {[%clk 1:29:52]} 6. e5 {[%clk
1:26:35]} Nfd7 {[%clk 1:28:50]} 7. Nf3 {[%clk 1:25:27]} Bb7 {[%clk 1:28:02]} 8.
Qe2 {[%clk 1:22:21]} a6 {[%clk 1:26:55]} 9. a4 {[%clk 1:18:35]} Be7 {[%clk
1:26:18]} 10. g3 {[%clk 1:17:58]} Qc7 {[%clk 1:24:56]} 11. Bh3 {[%clk 1:14:25]}
g6 {[%clk 1:21:24]} 12. O-O {[%clk 1:09:58]} Nc6 {[%clk 1:19:18]} 13. Nd1 {[%clk
1:07:59]} h5 {[%clk 1:17:46]} 14. c3 {[%clk 1:01:58]} O-O-O {[%clk 1:15:37]} 15.
b3 {[%clk 0:58:06]} Rh7 {[%clk 1:13:43]} 16. d4 {[%clk 0:55:21]} Rdh8 {[%clk
1:09:44]} 17. Rc1 {[%clk 0:52:04]} Na5 {[%clk 1:07:31]} 18. Rb1 {[%clk 0:49:58]}
c4 {[%clk 1:03:21]} 19. b4 {[%clk 0:46:51]} Nb3 {[%clk 1:02:58]} 20. Ne3 {[%clk
0:46:01]} Bc6 {[%clk 0:42:36]} 21. a5 {[%clk 0:30:21]} bxa5 {[%clk 0:38:41]} 22.
bxa5 {[%clk 0:30:33]} Bb5 {[%clk 0:38:08]} 23. Nc2 {[%clk 0:24:42]} Qxa5 {[%clk
0:36:19]} 24. Na1 {[%clk 0:24:06]} Nb6 {[%clk 0:33:28]} 25. Nxb3 {[%clk 0:21:00]}
cxb3 {[%clk 0:33:29]} 26. c4 {[%clk 0:21:04]} Bxc4 {[%clk 0:30:50]} 27. Bxa5
{[%clk 0:21:17]} Bxe2 {[%clk 0:30:53]} 28. Bxb6 {[%clk 0:20:53]} Bxf1 {[%clk
0:30:25]} 29. Bxf1 {[%clk 0:21:16]} Kb7 {[%clk 0:19:58]} 30. Rxb3 {[%clk
0:21:21]} Kc6 {[%clk 0:17:32]} 31. Ba5 {[%clk 0:20:13]} Bd8 {[%clk 0:14:06]} 32.
Bc3 {[%clk 0:19:11]} Bb6 {[%clk 0:10:25]} 33. Bxa6 {[%clk 0:18:47]} Ra8 {[%clk
0:10:01]} 34. Bb5+ {[%clk 0:19:05]} Kc7 {[%clk 0:09:53]} 35. Ng5 {[%clk 0:17:46]}
Rg7 {[%clk 0:09:26]} 36. Bb2 {[%clk 0:17:26]} Ra2 {[%clk 0:05:16]} 37. Nf3 {[%clk
0:15:43]} Rg8 {[%clk 0:04:00]} 38. Rc3+ {[%clk 0:15:53]} Kb7 {[%clk 0:03:59]} 39.
Bc6+ {[%clk 0:14:47]} Kb8 {[%clk 0:00:50]} 40. Rb3 {[%clk 0:13:56]} Kc7 {[%clk
0:01:06]} 41. Bb5 {[%clk 0:13:52]} Rb8 {[%clk 0:00:43]} 42. Bc3 {[%clk 0:10:11]}
Ba5 {[%clk 0:00:35]} 43. Bxa5+ {[%clk 0:10:00]} Rxa5 {[%clk 0:00:52]} 44. Rc3+
{[%clk 0:10:22]} Kb6 {[%clk 0:01:01]} 45. Be2 {[%clk 0:10:25]} Rba8 {[%clk
0:01:08]} 46. Ng5 {[%clk 0:10:15]} Rf8 {[%clk 0:01:02]} 47. Kf2 {[%clk 0:09:12]}
Kb7 {[%clk 0:00:35]} 48. h3 {[%clk 0:09:12]} Ra4 {[%clk 0:00:41]} 49. Ke3 {[%clk
0:08:58]} Rb4 {[%clk 0:00:54]} 50. g4 {[%clk 0:08:58]} hxg4 {[%clk 0:01:04]} 51.
hxg4 {[%clk 0:08:57]} Ra4 {[%clk 0:01:13]} 52. Nh7 {[%clk 0:07:45]} Rh8 {[%clk
0:01:10]} 53. Ng5 {[%clk 0:07:44]} Rf8 {[%clk 0:01:29]} 54. Bb5 {[%clk 0:07:24]}
Rb4 {[%clk 0:01:30]} 55. Bd3 {[%clk 0:07:26]} Rb2 {[%clk 0:00:42]} 56. Rc2 {[%clk
0:07:06]} Rb3 {[%clk 0:01:00]} 57. Rh2 {[%clk 0:06:55]} Ka7 {[%clk 0:00:38]} 58.
Rh7 {[%clk 0:06:46]} Rb7 {[%clk 0:00:49]} 59. f5 {[%clk 0:06:31]} gxf5 {[%clk
0:01:00]} 60. gxf5 {[%clk 0:06:49]} exf5 {[%clk 0:01:02]} 61. Bxf5 {[%clk
0:06:45]} Kb6 {[%clk 0:00:39]} 62. Rg7 {[%clk 0:06:49]} Kc6 {[%clk 0:00:36]} 63.
Bh7 {[%clk 0:06:54]} Rc7 {[%clk 0:00:39]} 64. Bg8 {[%clk 0:06:40]} f6 {[%clk
0:00:33]} 65. Rxc7+ {[%clk 0:06:58]} Kb6 {[%clk 0:00:32]} 66. Ne6 {[%clk
0:06:39]} Re8 {[%clk 0:00:34]} 67. Rc2 {[%clk 0:06:12]} fxe5 {[%clk 0:00:44]} 68.
dxe5 {[%clk 0:05:49]} Rxg8 {[%clk 0:01:03]} 69. Kd4 {[%clk 0:06:07]} Re8 {[%clk
0:00:53]} 70. Kxd5 {[%clk 0:06:22]} Kb7 {[%clk 0:01:02]} 71. Rc7+ {[%clk
0:06:32]} Kb8 {[%clk 0:01:08]} 72. Rd7 {[%clk 0:06:32]} Kc8 {[%clk 0:01:07]} 73.
Kd6 {[%clk 0:06:38]} Rg8 {[%clk 0:01:13]} 74. Nc5 {[%clk 0:06:27]} Re8 {[%clk
0:01:01]} 75. e6 {[%clk 0:06:49]} Rf8 {[%clk 0:00:44]} 76. Rc7+ {[%clk 0:06:54]}
Kb8 {[%clk 0:00:40]} 77. Nd7+ {[%clk 0:07:17]} Ka8 {[%clk 0:01:01]} 78. Nxf8
{[%clk 0:07:39]} Kb8 {[%clk 0:01:29]} 79. e7 {[%clk 0:07:57]} 1-0

[Event "Girls U14 Polish Youth Championship"]
[Site "chess24.com"]
[Date "2018.04.29"]
[Round "1"]
[White "Krzyzosiak, Marta"]
[Black "Wysocka, Edyta"]
[Result "1/2-1/2"]
[Board "12"]
[WhiteElo "1567"]
[WhiteCountry "POL"]
[WhiteFideId "21820449"]
[WhiteEloChange "-6"]
[BlackElo "1301"]
[BlackCountry "POL"]
[BlackFideId "21836663"]
[BlackEloChange "6"]

1. e4 {[%clk 1:30:56]} e5 {[%clk 1:30:56]} 2. Nf3 {[%clk 1:31:17]} Nc6 {[%clk
1:31:20]} 3. Bc4 {[%clk 1:31:29]} Bc5 {[%clk 1:31:43]} 4. O-O {[%clk 1:31:36]}
Nf6 {[%clk 1:31:44]} 5. d3 {[%clk 1:31:08]} h6 {[%clk 1:31:39]} 6. c3 {[%clk
1:30:35]} O-O {[%clk 1:29:49]} 7. a4 {[%clk 1:29:03]} a5 {[%clk 1:28:08]} 8. Qb3
{[%clk 1:26:35]} b6 {[%clk 1:23:27]} 9. h3 {[%clk 1:17:59]} Ba6 {[%clk 1:20:53]}
10. Nbd2 {[%clk 1:07:04]} Bxc4 {[%clk 1:18:01]} 11. Nxc4 {[%clk 1:06:38]} Re8
{[%clk 1:16:29]} 12. Be3 {[%clk 1:01:07]} Bf8 {[%clk 1:13:49]} 13. Qb5 {[%clk
0:57:12]} Na7 {[%clk 1:06:31]} 14. Qb3 {[%clk 0:56:01]} Nc6 {[%clk 1:03:57]} 15.
Qc2 {[%clk 0:46:32]} d6 {[%clk 0:58:04]} 16. Rae1 {[%clk 0:43:08]} Qe7 {[%clk
0:54:22]} 17. d4 {[%clk 0:36:06]} Red8 {[%clk 0:48:30]} 18. b3 {[%clk 0:33:20]}
Qe8 {[%clk 0:42:01]} 19. dxe5 {[%clk 0:30:39]} Nxe5 {[%clk 0:41:14]} 20. Nfxe5
{[%clk 0:29:59]} dxe5 {[%clk 0:41:28]} 21. f3 {[%clk 0:26:58]} Nd7 {[%clk
0:39:01]} 22. f4 {[%clk 0:25:28]} exf4 {[%clk 0:36:45]} 23. Bxf4 {[%clk 0:25:24]}
Rac8 {[%clk 0:34:31]} 24. Kh1 {[%clk 0:22:43]} Nf6 {[%clk 0:32:44]} 25. e5 {[%clk
0:20:51]} Nd5 {[%clk 0:31:37]} 26. Bg3 {[%clk 0:19:09]} Qe6 {[%clk 0:29:26]} 27.
Ne3 {[%clk 0:16:37]} Nxe3 {[%clk 0:27:31]} 28. Rxe3 {[%clk 0:17:02]} Bc5 {[%clk
0:26:45]} 29. Ref3 {[%clk 0:16:41]} Rf8 {[%clk 0:26:09]} 30. c4 {[%clk 0:14:34]}
Bd4 {[%clk 0:24:39]} 31. Qe4 {[%clk 0:12:41]} c5 {[%clk 0:23:54]} 32. Qd5 {[%clk
0:10:55]} Rcd8 {[%clk 0:20:10]} 33. Qxe6 {[%clk 0:09:32]} fxe6 {[%clk 0:20:33]}
34. Rxf8+ {[%clk 0:09:18]} Rxf8 {[%clk 0:21:00]} 35. Rxf8+ {[%clk 0:09:41]} Kxf8
{[%clk 0:21:25]} 36. Bh2 {[%clk 0:08:30]} Kf7 {[%clk 0:21:40]} 37. g4 {[%clk
0:08:52]} g5 {[%clk 0:21:18]} 38. Kg2 {[%clk 0:08:42]} Kg6 {[%clk 0:21:05]} 39.
Kf3 {[%clk 0:08:22]} Bc3 {[%clk 0:17:59]} 40. Bg3 {[%clk 0:08:14]} h5 {[%clk
0:17:06]} 41. h4 {[%clk 0:08:01]} gxh4 {[%clk 0:16:47]} 42. Bxh4 {[%clk 0:08:17]}
hxg4+ {[%clk 0:16:56]} 43. Kxg4 {[%clk 0:08:42]} Bxe5 {[%clk 0:17:20]} 44. Bd8
{[%clk 0:09:05]} Bc3 {[%clk 0:16:46]} 45. Bxb6 {[%clk 0:09:09]} Bb4 {[%clk
0:17:11]} 46. Kf4 {[%clk 0:08:52]} Kf7 {[%clk 0:17:10]} 47. Ke5 {[%clk 0:08:03]}
Ke7 {[%clk 0:17:09]} 48. Ke4 {[%clk 0:06:46]} Kd7 {[%clk 0:16:34]} 49. Ke5 {[%clk
0:05:11]} Ke7 {[%clk 0:16:54]} 50. Ke4 {[%clk 0:05:16]} Kd7 {[%clk 0:17:18]} 51.
Ke3 {[%clk 0:05:37]} Ke8 {[%clk 0:17:24]} 52. Bc7 {[%clk 0:05:44]} Kd7 {[%clk
0:17:37]} 53. Be5 {[%clk 0:05:59]} Ke7 {[%clk 0:17:36]} 54. Ke4 {[%clk 0:05:39]}
Kf7 {[%clk 0:17:47]} 55. Bb2 {[%clk 0:05:07]} Ke7 {[%clk 0:17:46]} 56. Ke5 {[%clk
0:05:05]} Kd7 {[%clk 0:17:00]} 57. Kf6 {[%clk 0:05:20]} Kd6 {[%clk 0:17:07]} 58.
Be5+ {[%clk 0:05:01]} Kd7 {[%clk 0:17:21]} 59. Kf7 {[%clk 0:04:36]} Bd2 {[%clk
0:17:12]} 60. Kf6 {[%clk 0:04:38]} Bb4 {[%clk 0:17:26]} 61. Kf7 {[%clk 0:03:43]}
Bd2 {[%clk 0:17:28]} 62. Bb2 {[%clk 0:03:49]} Bb4 {[%clk 0:17:50]} 63. Kg6 {[%clk
0:02:57]} Ke7 {[%clk 0:17:15]} 64. Kg5 {[%clk 0:03:07]} Bd2+ {[%clk 0:17:23]} 65.
Kg4 {[%clk 0:03:10]} Bb4 {[%clk 0:17:45]} 66. Kf4 {[%clk 0:03:34]} Bd2+ {[%clk
0:17:37]} 67. Ke4 {[%clk 0:03:35]} Bb4 {[%clk 0:17:57]} 68. Ke5 {[%clk 0:03:12]}
Kd7 {[%clk 0:18:11]} 69. Bc1 {[%clk 0:03:05]} Bc3+ {[%clk 0:18:18]} 70. Ke4
{[%clk 0:03:26]} Bb4 {[%clk 0:18:42]} 71. Bh6 {[%clk 0:03:25]} Ke7 {[%clk
0:18:27]} 72. Bg7 {[%clk 0:03:33]} Kf7 {[%clk 0:18:32]} 73. Bh8 {[%clk 0:03:34]}
Ke7 {[%clk 0:18:52]} 74. Be5 {[%clk 0:03:56]} Bd2 {[%clk 0:18:58]} 75. Bc7 {[%clk
0:04:03]} Bc3 {[%clk 0:18:56]} 76. Bf4 {[%clk 0:03:16]} Bb4 {[%clk 0:18:55]} 77.
Bg5+ {[%clk 0:03:27]} Kd7 {[%clk 0:18:45]} 78. Bh4 {[%clk 0:03:19]} Bc3 {[%clk
0:18:55]} 79. Bg5 {[%clk 0:03:12]} Bb4 {[%clk 0:19:10]} 80. Bh6 {[%clk 0:03:32]}
Ke7 {[%clk 0:19:00]} 81. Kd3 {[%clk 0:03:39]} Kf6 {[%clk 0:18:48]} 82. Ke4 {[%clk
0:02:59]} Bc3 {[%clk 0:18:34]} 83. Bf8 {[%clk 0:02:54]} Bb4 {[%clk 0:18:57]} 84.
Bd6 {[%clk 0:03:00]} Kf7 {[%clk 0:19:03]} 85. Ke5 {[%clk 0:02:55]} Bc3+ {[%clk
0:19:23]} 86. Ke4 {[%clk 0:02:14]} Bb4 {[%clk 0:19:40]} 87. Bf4 {[%clk 0:02:11]}
Bc3 {[%clk 0:19:44]} 88. Bc1 {[%clk 0:02:02]} Bb4 {[%clk 0:20:04]} 89. Ke5 {[%clk
0:02:17]} Ke7 {[%clk 0:20:25]} 90. Bb2 {[%clk 0:02:25]} Kd7 {[%clk 0:20:43]} 91.
Ba1 {[%clk 0:02:46]} Ke7 {[%clk 0:21:06]} 92. Bb2 {[%clk 0:02:33]} Kd7 {[%clk
0:21:29]} 93. Bc1 {[%clk 0:02:48]} Bc3+ {[%clk 0:21:44]} 94. Ke4 {[%clk 0:03:09]}
Bb4 {[%clk 0:21:57]} 95. Bg5 {[%clk 0:03:23]} Bc3 {[%clk 0:22:12]} 96. Bh6 {[%clk
0:03:26]} Ke7 {[%clk 0:22:14]} 97. Be3 {[%clk 0:03:41]} Bb4 {[%clk 0:22:37]} 98.
Bf2 {[%clk 0:03:57]} Kd6 {[%clk 0:22:46]} 99. Bg3+ {[%clk 0:04:13]} Ke7 {[%clk
0:23:08]} 100. Be5 {[%clk 0:04:29]} Bd2 {[%clk 0:23:23]} 101. Bb2 {[%clk
0:04:43]} Bb4 {[%clk 0:23:46]} 102. Ke5 {[%clk 0:05:07]} 1/2-1/2

[Event "Girls U14 Polish Youth Championship"]
[Site "chess24.com"]
[Date "2018.04.29"]
[Round "1"]
[White "Kulpa, Karolina"]
[Black "Zniszczol, Wiktoria"]
[Result "0-1"]
[Board "13"]
[WhiteElo "1288"]
[WhiteCountry "POL"]
[WhiteFideId "21836620"]
[WhiteEloChange "-4"]
[BlackElo "1555"]
[BlackCountry "POL"]
[BlackFideId "1194895"]
[BlackEloChange "4"]

1. d4 {[%clk 1:30:56]} Nf6 {[%clk 1:30:54]} 2. c4 {[%clk 1:31:14]} c5 {[%clk
1:31:19]} 3. d5 {[%clk 1:31:31]} b5 {[%clk 1:31:35]} 4. cxb5 {[%clk 1:31:42]} a6
{[%clk 1:31:53]} 5. b6 {[%clk 1:31:56]} g6 {[%clk 1:32:10]} 6. Nc3 {[%clk
1:32:01]} Bg7 {[%clk 1:32:23]} 7. e4 {[%clk 1:31:59]} d6 {[%clk 1:32:44]} 8. Nf3
{[%clk 1:32:00]} Qxb6 {[%clk 1:32:20]} 9. Nd2 {[%clk 1:31:47]} O-O {[%clk
1:29:29]} 10. Be2 {[%clk 1:30:43]} Nbd7 {[%clk 1:27:05]} 11. a4 {[%clk 1:27:14]}
Qb4 {[%clk 1:14:12]} 12. a5 {[%clk 1:19:25]} Ne8 {[%clk 1:09:41]} 13. Ra4 {[%clk
1:13:23]} Qb7 {[%clk 1:09:50]} 14. O-O {[%clk 1:10:06]} Nc7 {[%clk 1:08:36]} 15.
Nc4 {[%clk 1:07:47]} Nb5 {[%clk 1:05:09]} 16. Bd2 {[%clk 1:02:44]} Nd4 {[%clk
0:58:22]} 17. Bd3 {[%clk 0:56:23]} Ne5 {[%clk 0:52:37]} 18. Nxe5 {[%clk 0:53:43]}
Bxe5 {[%clk 0:52:58]} 19. f4 {[%clk 0:50:57]} Bg7 {[%clk 0:52:55]} 20. Bc1 {[%clk
0:49:19]} Bd7 {[%clk 0:50:52]} 21. Ra3 {[%clk 0:45:20]} Bb5 {[%clk 0:46:48]} 22.
Ne2 {[%clk 0:39:57]} c4 {[%clk 0:37:37]} 23. Bxc4 {[%clk 0:29:22]} Bxc4 {[%clk
0:36:26]} 24. Nxd4 {[%clk 0:29:14]} Bxf1 {[%clk 0:36:02]} 25. Kxf1 {[%clk
0:29:10]} Bxd4 {[%clk 0:30:29]} 26. Qxd4 {[%clk 0:29:04]} Rfc8 {[%clk 0:29:22]}
27. Qd2 {[%clk 0:25:54]} Qb5+ {[%clk 0:28:21]} 28. Kg1 {[%clk 0:23:42]} Qc5+
{[%clk 0:28:10]} 29. Qe3 {[%clk 0:22:05]} Qxc1+ {[%clk 0:28:24]} 0-1

[Event "Girls U14 Polish Youth Championship"]
[Site "chess24.com"]
[Date "2018.04.29"]
[Round "1"]
[White "Krzyzosiak, Anna"]
[Black "Reszka, Zofia"]
[Result "1-0"]
[Board "14"]
[WhiteElo "1552"]
[WhiteCountry "POL"]
[WhiteFideId "21820430"]
[WhiteEloChange "4"]
[BlackElo "1286"]
[BlackCountry "POL"]
[BlackFideId "21813930"]
[BlackEloChange "-4"]

1. e4 {[%clk 1:30:56]} c5 {[%clk 1:30:51]} 2. Nf3 {[%clk 1:31:19]} e6 {[%clk
1:31:13]} 3. d4 {[%clk 1:31:41]} cxd4 {[%clk 1:31:32]} 4. Nxd4 {[%clk 1:31:47]}
a6 {[%clk 1:31:48]} 5. Nc3 {[%clk 1:32:02]} Qc7 {[%clk 1:32:03]} 6. Be3 {[%clk
1:31:48]} b5 {[%clk 1:31:52]} 7. a3 {[%clk 1:31:23]} Bb7 {[%clk 1:31:58]} 8. f3
{[%clk 1:30:22]} Nf6 {[%clk 1:31:25]} 9. Qd2 {[%clk 1:30:08]} Be7 {[%clk
1:30:34]} 10. g4 {[%clk 1:28:55]} h6 {[%clk 1:28:36]} 11. h4 {[%clk 1:23:36]} d6
{[%clk 1:26:07]} 12. O-O-O {[%clk 1:20:54]} Nbd7 {[%clk 1:23:28]} 13. Be2 {[%clk
1:14:23]} Nc5 {[%clk 1:18:47]} 14. g5 {[%clk 1:11:54]} Ng8 {[%clk 1:12:04]} 15.
b4 {[%clk 0:43:08]} Nd7 {[%clk 1:08:13]} 16. g6 {[%clk 0:42:38]} Ngf6 {[%clk
1:01:01]} 17. gxf7+ {[%clk 0:39:34]} Kxf7 {[%clk 1:00:06]} 18. Rhg1 {[%clk
0:36:02]} Rac8 {[%clk 0:54:21]} 19. Rxg7+ {[%clk 0:33:40]} Ke8 {[%clk 0:49:57]}
20. Nb1 {[%clk 0:13:59]} e5 {[%clk 0:41:31]} 21. Nf5 {[%clk 0:12:33]} Bf8 {[%clk
0:37:24]} 22. Rg6 {[%clk 0:12:08]} h5 {[%clk 0:32:29]} 23. Bg5 {[%clk 0:10:52]}
Kf7 {[%clk 0:24:54]} 24. Bxf6 {[%clk 0:09:59]} Nxf6 {[%clk 0:23:49]} 25. Rdg1
{[%clk 0:08:49]} d5 {[%clk 0:18:17]} 26. Rg7+ {[%clk 0:07:50]} Bxg7 {[%clk
0:15:29]} 27. Rxg7+ {[%clk 0:08:10]} Kf8 {[%clk 0:12:34]} 28. Rxc7 {[%clk
0:08:30]} Rxc7 {[%clk 0:12:56]} 29. Qg5 {[%clk 0:06:56]} Ne8 {[%clk 0:09:56]} 30.
Nc3 {[%clk 0:05:23]} dxe4 {[%clk 0:08:10]} 31. fxe4 {[%clk 0:05:22]} Rd7 {[%clk
0:06:24]} 32. Bxh5 {[%clk 0:04:58]} Rhh7 {[%clk 0:03:55]} 33. Bxe8 {[%clk
0:05:12]} Kxe8 {[%clk 0:03:57]} 34. Qg8# {[%clk 0:05:34]} 1-0